书目信息 |
| 题名: |
CCNP BSCI认证考试(642-801)指南
|
|
| 作者: | 高夫 , Clare 著 ;杨文华 , 李爱武 译 | |
| 分册: | ||
| 出版信息: | 北京 人民邮电出版社 2004.8 |
|
| 页数: | 586页 | |
| 开本: | 26cm | |
| 丛书名: | Cisco职业认证培训系列 | |
| 单 册: | ||
| 中图分类: | TP393 | |
| 科图分类: | ||
| 主题词: | 计算机网络--工程技术人员--资格考核--自学参考资料 , 计算机网络 , 工程技术人员 | |
| 电子资源: | ||
| ISBN: | 7-115-12346-2 | |
| 000 | 01113nam2 2200337 45 | |
| 001 | 012004000000 | |
| 005 | 20050120093403.22 | |
| 010 | @a7-115-12346-2@dCNY 75.00 | |
| 100 | @a20041220d2004 em y0chiy0121 ea | |
| 101 | 1 | @achi@ceng |
| 102 | @aCN@b110000 | |
| 105 | @aak z 000yy | |
| 200 | 1 | @aCCNP BSCI认证考试(642-801)指南@ACCNP BSCI ren zheng kao shi 642-801 zhi nan@e第三版@f(美)高夫(Gough Clare)著@g杨文华, 李爱武译 |
| 210 | @a北京@c人民邮电出版社@d2004.8 | |
| 215 | @a586页@c图, 表格@d26cm@e附光盘1片 | |
| 225 | 2 | @aCisco职业认证培训系列 |
| 306 | @a本书中文简体字版由美国Cisco Press公司授权人民邮电出版社出版。 | |
| 307 | @a附光盘: ISBN 7-89497-420-X | |
| 320 | @a附附录 | |
| 324 | @a原书第三版 | |
| 410 | 0 | @12001 @aCisco职业认证培训系列 |
| 606 | 0 | @a计算机网络@x工程技术人员@x资格考核@j自学参考资料 |
| 606 | 0 | @a计算机网络 |
| 606 | 0 | @a工程技术人员 |
| 690 | @aTP393@v4 | |
| 701 | 1 | @a高夫@Agao fu@bG.@4著 |
| 701 | A1 | @aClare@bGough@4著 |
| 702 | 0 | @a杨文华@Ayang wen hua@4译 |
| 702 | 0 | @a李爱武@Ali ai wu@4译 |
| 801 | 0 | @aCN@bQSSKw@c20050120 |
| 905 | @a10447@dTP393@eG128 | |
| CCNP BSCI认证考试(642-801)指南:第三版/(美)高夫(Gough Clare)著/杨文华, 李爱武译.-北京:人民邮电出版社,2004.8 |
| 586页:图, 表格;26cm+附光盘1片.-(Cisco职业认证培训系列) |
| ISBN 7-115-12346-2:CNY 75.00 |
| ● |
| 相关链接 |
|
|
|
正题名:CCNP BSCI认证考试(642-801)指南
索取号:TP393/G128
 
预约/预借
| 序号 | 登录号 | 条形码 | 馆藏地/架位号 | 状态 | 备注 |
| 1 | 439295 | 204392950 | 期刊室512/301自科库 114排2列6层/ [索取号:TP393/G128] | 在馆 |